书目信息 |
| 题名: |
庵前街纪事
|
|
| 作者: | 张振刚 著 | |
| 分册: | ||
| 出版信息: | 沈阳 春风文艺出版社 2022.05 |
|
| 页数: | 184页 | |
| 开本: | 21cm | |
| 丛书名: | ||
| 单 册: | ||
| 中图分类: | I247.7 | |
| 科图分类: | ||
| 主题词: | 短篇小说--duan pian xiao shuo--小说集--中国--当代 | |
| 电子资源: | ||
| ISBN: | 978-7-5313-6169-5 | |
| 000 | 01037nam0 2200241 450 | |
| 001 | 011025152900 | |
| 005 | 20221025152900.0 | |
| 010 | @a978-7-5313-6169-5@dCNY45.00 | |
| 100 | @a20201004d2022 em y0chiy0120 ea | |
| 101 | 0 | @achi |
| 102 | @aCN@b210000 | |
| 105 | @ay z 000yy | |
| 106 | @ar | |
| 200 | 1 | @a庵前街纪事@Aan qian jie ji shi@f张振刚著 |
| 210 | @a沈阳@c春风文艺出版社@d2022.05 | |
| 215 | @a184页@c图@d21cm | |
| 300 | @a读家记忆 | |
| 300 | @a张振刚,浙江作家,桐乡市作协名誉主席。短篇小说《臭镇悲老》为《小说选刊》选载。曾获中国作协文艺报社98大赛一等奖等多种奖项。 | |
| 330 | @a本书复现了江南小镇的一条老街,街上的住户们大多靠开小店维持生计,多数又是作坊式的自产自销,收入仅够温饱。百姓们虽然生活清贫,但仍有丰富的文娱生活,不乏生活情趣,除了描写中小商贩的生活之外,也描写了底层知识分子不甘平庸、向往新生活的奋斗精神和行动,给人以感动和鼓舞。 | |
| 606 | 0 | @a短篇小说@Aduan pian xiao shuo@x小说集@y中国@z当代 |
| 690 | @aI247.7@v5 | |
| 701 | @a张振刚@Azhang zhen gang@4著 | |
| 905 | @a河南城建学院图书馆@dI247.7@eZ241 | |
| 庵前街纪事/张振刚著.-沈阳:春风文艺出版社,2022.05 |
| 184页:图;21cm |
| 读家记忆.-张振刚,浙江作家,桐乡市作协名誉主席。短篇小说《臭镇悲老》为《小说选刊》选载。曾获中国作协文艺报社98大赛一等奖等多种奖项。 |
| ISBN 978-7-5313-6169-5:CNY45.00 |
| 本书复现了江南小镇的一条老街,街上的住户们大多靠开小店维持生计,多数又是作坊式的自产自销,收入仅够温饱。百姓们虽然生活清贫,但仍有丰富的文娱生活,不乏生活情趣,除了描写中小商贩的生活之外,也描写了底层知识分子不甘平庸、向往新生活的奋斗精神和行动,给人以感动和鼓舞。 |
| ● |
| 相关链接 |
|
|
|
正题名:庵前街纪事
索取号:I247.7/Z241
 
预约/预借
| 序号 | 登录号 | 条形码 | 馆藏地/架位号 | 状态 | 备注 |
| 1 | 1586276 | 215862760 | 文学库108/108文学库 63排1列3层/ [索取号:I247.7/Z241] | 在馆 | |
| 2 | 1586277 | 215862779 | 文学库108/108文学库 63排1列3层/ [索取号:I247.7/Z241] | 在馆 |